00577nam a2200181 a 450000100060000000300090000600800410001504000280005608200210008410000210010524500780012626000650020430000100026950000220027965000390030165000140034065000410035412730CO-ViMGA141112s2004 ck r 000 u spa d aCO-ViMGAbspacCO-ViMGA04a986.0006301 N34r1 aNeglia, Ángelo10aUna Raza Bravia : bEstudio Socio - antropologico de los indios motilones aBogotá : bInstituto de Desarrollo de la Comunidad, c1974 a129p. aPeridiocidad : SG14aINDIGENAS DE COLOMBIA - SOCIOLOGIA14aMOTILONES14aMOTILONES - VIDA SOCIAL Y COSTUMBRES